Δέκα μικροί νέγροι

Αποθηκεύτηκε σε:
Λεπτομέρειες βιβλιογραφικής εγγραφής
Κύριος συγγραφέας: Christie, Agatha, 1890-1976
Άλλοι συγγραφείς: Λειβαδέας, Κωστής, 1922-2005 (Μεταφραστής)
Μορφή: Βιβλίο
Γλώσσα:Greek
English
Δημοσίευση: Αθήνα : Δωδώνη, 1990.
Σειρά:Παγκόσμιο θέατρο. Μικρή θεατρική βιβλιοθήκη ; 14
Θέματα:
Ετικέτες: Προσθήκη ετικέτας
Δεν υπάρχουν, Καταχωρήστε ετικέτα πρώτοι!

MARC

LEADER 00000cam a2200000 i 4500
001 1/68438
008 990201s1990 gr | ||| |||| ||gre|d
020 |a 9602480149 
035 |l 10047651 
040 |a GR-MyUa  |b gre  |e AACR2  
041 1 |a gre  |h eng 
082 7 |a 823.912   |2 (22)  
100 1 |a Christie, Agatha,   |d 1890-1976. 
245 1 0 |a Δέκα μικροί νέγροι /   |c Αγκάθα Κρίστι ; μετάφραση: Κωστής Λειβαδέας.  
260 |a Αθήνα :   |b Δωδώνη,   |c 1990.  
300 |a 85 σ. ;   |c 18 εκ.  
490 1 |a (Παγκόσμιο θέατρο. Μικρή θεατρική βιβλιοθήκη ;   |v 14) 
500 |a Τίτλος πρωτοτύπου: Ten little niggers.  
650 0 |a Detective and mystery stories. 
700 1 |a Λειβαδέας, Κωστής,   |d 1922-2005,  |e trl 
830 0 |a Παγκόσμιο θέατρο.   |p Μικρή θεατρική βιβλιοθήκη ;  |v 14 
852 |a INST  |b RHODES  |e 19990201  |h 823.912 CHR  |p 005400005567  |q 005400005567  |t BK  |y 0 
901 |a BIBL-1999-1 
970 |z 1999/02/01 
922 |a 4ΕΛΗ  |b 199805  |c ΚΠΣ/Ν  |d EMVASIS